| 000 | 00581cam a2200241ua 4500 | ||
|---|---|---|---|
| 020 | _c75.00 | ||
| 041 |
_aeng _h |
||
| 082 |
_a631.587 _bMIC/IR |
||
| 100 | _aMichael, A.M. | ||
| 245 |
_aIrrigation Theory and Practice / _cA M Michael. _hTextual Documents |
||
| 250 |
_a1 / _b. |
||
| 260 |
_aNew Delhi : _bVani Educational Books , _c1985. |
||
| 300 | _a801 ; . | ||
| 365 | _a75.00 | ||
| 504 | _a | ||
| 942 | _cBK | ||
| 999 |
_c2861 _d2861 |
||